000 00262nam a2200109Ia 4500
008 190216s9999||||xx |||||||||||||| ||und||
100 _aMadassery Madhava Warrier
245 0 _aVallathole
260 _bVidyarthimithram
650 _aJeeva Charithram
942 _cBK
999 _c24297
_d24297